[Event "52nd National Challengers (National â€˜Bâ€™) Chess Cha"]
[Site "Indoor Stadium,Dharamshala,Himachal Pradesh,India"]
[Date "2014.05.17"]
[Round "11"]
[Board "7"]
[White "Karthikeyan, Murali"]
[Black "Girinath, P.D.S."]
[Result "0-1"]
[WhiteElo "2475"]
[BlackElo "2312"]
[PlyCount "88"]
[EventDate "2014.05.09"]
[EventRounds "13"]
[EventCountry "IND"]

1. e4 e6 2. d4 d5 3. Nd2 Nc6 4. Ngf3 Nf6 5. e5 Nd7 6. Bb5 Ncb8 7. O-O c5 8. c4
Be7 9. cxd5 exd5 10. dxc5 O-O 11. b4 a5 12. Nb3 axb4 13. Be3 Nc6 14. Bxc6 bxc6
15. Re1 Qc7 16. Qd4 Ra4 17. Qf4 Qb7 18. Qg3 Re8 19. Bh6 Bf8 20. Nfd4 Kh8 21. e6
Nf6 22. e7 Rxe7 23. Rxe7 Qxe7 24. Bg5 Rxa2 25. Rc1 Bd7 26. f3 h6 27. Re1 Qd8
28. Bc1 Nh5 29. Qe5 Qh4 30. Rf1 Kg8 31. Bd2 Nf6 32. Bf4 Qh5 33. Qxh5 Nxh5 34.
Bd2 Rxd2 35. Nxd2 Bxc5 36. N2b3 Bxd4+ 37. Nxd4 c5 38. Nb3 c4 39. Nd4 Nf4 40.
Kf2 b3 41. g3 Ne6 42. Ne2 d4 43. f4 g6 44. Rb1 Bc6 0-1

[Event "52nd National Challengers (National â€˜Bâ€™) Chess Cha"]
[Site "Indoor Stadium,Dharamshala,Himachal Pradesh,India"]
[Date "2014.05.17"]
[Round "11"]
[Board "8"]
[White "Prince, Bajaj"]
[Black "Thejkumar, M. S."]
[Result "1-0"]
[WhiteElo "2318"]
[BlackElo "2460"]
[PlyCount "95"]
[EventDate "2014.05.09"]
[EventRounds "13"]
[EventCountry "IND"]

1. e4 Nf6 2. e5 Nd5 3. d4 d6 4. Nf3 g6 5. Bc4 Nb6 6. Bb3 Bg7 7. O-O O-O 8. a4
a5 9. exd6 cxd6 10. Nc3 Bg4 11. Nb5 Nc6 12. c3 d5 13. h3 Bxf3 14. Qxf3 Qd7 15.
Bf4 Rac8 16. Rfe1 Nd8 17. Re2 Ne6 18. Be5 Nc4 19. Bxg7 Nxg7 20. Rae1 e6 21. Qf4
Rfd8 22. Bxc4 Rxc4 23. b3 Rc6 24. g4 Qe7 25. Qg3 Ne8 26. f4 Nd6 27. Nxd6 Qxd6
28. Re5 Rdc8 29. R5e3 Qc7 30. Rc1 Qb6 31. Rb1 Qc7 32. Rc1 Qd6 33. Qf2 Rb8 34.
f5 exf5 35. gxf5 Qd7 36. f6 Re8 37. Rce1 Rxe3 38. Rxe3 Re6 39. Qf4 h5 40. Qb8+
Kh7 41. Qf8 Rxf6 42. Re8 g5 43. Qh8+ Kg6 44. Qg8+ Kh6 45. Qh8+ Kg6 46. Rg8+ Kf5
47. Qxh5 Ke6 48. Qe2+ 1-0

[Event "52nd National Challengers (National â€˜Bâ€™) Chess Cha"]
[Site "Indoor Stadium,Dharamshala,Himachal Pradesh,India"]
[Date "2014.05.17"]
[Round "11"]
[Board "9"]
[White "Lokesh, P."]
[Black "Roy Chowdhury, Saptarshi"]
[Result "1-0"]
[WhiteElo "2253"]
[BlackElo "2453"]
[PlyCount "71"]
[EventDate "2014.05.09"]
[EventRounds "13"]
[EventCountry "IND"]

1. e4 c5 2. Nf3 Nc6 3. Nc3 e5 4. Bc4 Be7 5. O-O d6 6. d3 Be6 7. Nd5 a6 8. a4 h6
9. c3 Nf6 10. Ne1 O-O 11. Nxf6+ Bxf6 12. Bxe6 fxe6 13. Qg4 Kf7 14. Qh5+ Kg8 15.
Qg4 Kf7 16. Qh5+ Ke7 17. Be3 Qe8 18. Qg4 g5 19. Nc2 Rd8 20. Rfb1 a5 21. b4 cxb4
22. cxb4 Nd4 23. Bxd4 exd4 24. bxa5 Rd7 25. Na3 h5 26. Qe2 g4 27. Nc4 Qg6 28.
Nb6 Rc7 29. Nc4 Bh4 30. g3 Bg5 31. Rb4 h4 32. Rab1 hxg3 33. hxg3 b5 34. Rxb5
Qh5 35. Rb7 Rfc8 36. a6 1-0

[Event "52nd National Challengers (National â€˜Bâ€™) Chess Cha"]
[Site "Indoor Stadium,Dharamshala,Himachal Pradesh,India"]
[Date "2014.05.17"]
[Round "11"]
[Board "10"]
[White "Nitin, S."]
[Black "Laxman, R.R."]
[Result "1/2-1/2"]
[WhiteElo "2357"]
[BlackElo "2450"]
[PlyCount "82"]
[EventDate "2014.05.09"]
[EventRounds "13"]
[EventCountry "IND"]

1. e4 e5 2. Nf3 Nc6 3. Nc3 Nf6 4. d4 exd4 5. Nxd4 Bb4 6. Nxc6 bxc6 7. Bd3 d5 8.
exd5 cxd5 9. O-O O-O 10. h3 h6 11. Qf3 Be6 12. Ne2 Bd6 13. Bf4 c5 14. Rad1 Rb8
15. b3 Bxf4 16. Nxf4 Qd6 17. Rfe1 Rfe8 18. Qg3 Rbd8 19. Re3 d4 20. Re2 g5 21.
Nxe6 Qxg3 22. fxg3 Rxe6 23. Rf1 Rxe2 24. Bxe2 Ne4 25. Bd3 Nd6 26. c3 Kg7 27.
cxd4 cxd4 28. Rc1 Rc8 29. Rxc8 Nxc8 30. Kf2 Kf6 31. Kf3 Ke5 32. g4 Nd6 33. g3
Nc8 34. Bc4 f6 35. Ke2 Nd6 36. Bd3 Kd5 37. a3 Nb7 38. Bc4+ Ke5 39. b4 Nd6 40.
Bd3 Kd5 41. Kd2 Nf7 1/2-1/2

[Event "52nd National Challengers (National â€˜Bâ€™) Chess Cha"]
[Site "Indoor Stadium,Dharamshala,Himachal Pradesh,India"]
[Date "2014.05.17"]
[Round "11"]
[Board "11"]
[White "Rajesh, V A V"]
[Black "Konguvel, Ponnuswamy"]
[Result "1-0"]
[WhiteElo "2382"]
[BlackElo "2363"]
[PlyCount "101"]
[EventDate "2014.05.09"]
[EventRounds "13"]
[EventCountry "IND"]

1. d4 Nf6 2. c4 g6 3. Nc3 d5 4. Bf4 Bg7 5. e3 O-O 6. Rc1 Be6 7. Qb3 c5 8. Nf3
dxc4 9. Qxb7 Qb6 10. Qxb6 axb6 11. dxc5 bxc5 12. Ng5 Bd5 13. e4 Bb7 14. Bxc4 h6
15. Nf3 Nxe4 16. Nd5 Nc6 17. O-O e5 18. Be3 Nd4 19. Nb6 Rad8 20. Rfd1 Rd6 21.
Na4 Rfd8 22. Re1 Bc6 23. b3 Nxf3+ 24. gxf3 Nd2 25. Bxd2 Rxd2 26. Re3 e4 27.
fxe4 Bd4 28. Re2 Rxe2 29. Bxe2 Bxe4 30. Kf1 Bf5 31. Nxc5 Rd5 32. Nd3 Bb6 33.
Rc3 Rd4 34. a3 Rh4 35. Kg1 Be4 36. Rc4 f5 37. Ne5 Rh3 38. Rb4 Bc7 39. Rb5 Rc3
40. f3 Bc2 41. Bc4+ Kf8 42. Nxg6+ Ke8 43. Kg2 Bd1 44. Rxf5 Rc2+ 45. Kf1 Bd6 46.
Bb5+ Kd8 47. Rd5 Rc1 48. Rxd6+ Kc7 49. Rd7+ Kb6 50. Be2 Bc2+ 51. Kf2 1-0

[Event "52nd National Challengers (National â€˜Bâ€™) Chess Cha"]
[Site "Indoor Stadium,Dharamshala,Himachal Pradesh,India"]
[Date "2014.05.17"]
[Round "11"]
[Board "12"]
[White "Sethuraman, S.P."]
[Black "Siva, Mahadevan"]
[Result "1-0"]
[WhiteElo "2582"]
[BlackElo "2158"]
[PlyCount "53"]
[EventDate "2014.05.09"]
[EventRounds "13"]
[EventCountry "IND"]

1. b3 d5 2. Bb2 Nf6 3. e3 c6 4. c4 e6 5. Nf3 Nbd7 6. Nc3 Bd6 7. Qc2 O-O 8. Be2
b6 9. Rg1 Bb7 10. g4 Qe7 11. g5 Ne8 12. h4 e5 13. h5 Nc7 14. Nh4 Rfe8 15. Nf5
Qf8 16. a3 a5 17. f4 Ne6 18. fxe5 Bxe5 19. O-O-O d4 20. Ne4 c5 21. Rdf1 Bxe4
22. Qxe4 Bh2 23. Nh6+ gxh6 24. Bd3 Qg7 25. gxh6 Ng5 26. Rxg5 Rxe4 27. Rxg7+ 1-0

[Event "52nd National Challengers (National â€˜Bâ€™) Chess Cha"]
[Site "Indoor Stadium,Dharamshala,Himachal Pradesh,India"]
[Date "2014.05.17"]
[Round "11"]
[Board "13"]
[White "Karthik, V.   Ap"]
[Black "Lalith, Babu M.R."]
[Result "0-1"]
[WhiteElo "2276"]
[BlackElo "2571"]
[PlyCount "119"]
[EventDate "2014.05.09"]
[EventRounds "13"]
[EventCountry "IND"]

1. e4 c6 2. d4 d5 3. exd5 cxd5 4. c4 Nf6 5. Nc3 Nc6 6. Bg5 e6 7. Nf3 Be7 8. c5
h6 9. Bf4 Ne4 10. Bb5 Bd7 11. O-O O-O 12. Rc1 Bf6 13. Bxc6 Bxc6 14. Ne5 Bxe5
15. Bxe5 Qg5 16. Nxe4 dxe4 17. Rc3 f6 18. Rg3 Qf5 19. Bd6 Rf7 20. Qb3 Rd8 21.
Rc1 Rfd7 22. Rgc3 Kf7 23. a4 Qg5 24. Qc2 a5 25. Rg3 Qd5 26. Qc4 Rxd6 27. cxd6
Rxd6 28. Qe2 Qxd4 29. Qh5+ Kf8 30. Qxa5 Qxb2 31. Qc5 Qd2 32. a5 Kg8 33. h4 Rd5
34. Qc4 Qxa5 35. Rgc3 f5 36. Qe2 Qd8 37. g3 Qf6 38. Kh2 f4 39. Qg4 h5 40. Qe2
e3 41. fxe3 fxg3+ 42. Kxg3 Rf5 43. Rxc6 bxc6 44. Rxc6 Qe5+ 45. Kh3 Qe4 46. Rc8+
Kh7 47. Kg3 Qh1 48. Rc4 Kh6 49. Rf4 g5 50. Rxf5 Qxh4+ 51. Kg2 Qe4+ 52. Kg1 Qxf5
53. Qb2 g4 54. Qh8+ Kg5 55. Qd8+ Qf6 56. Qg8+ Kh4 57. Qb8 g3 58. Qb4+ Kh3 59.
Qe1 g2 60. Qg3+ 0-1

[Event "52nd National Challengers (National â€˜Bâ€™) Chess Cha"]
[Site "Indoor Stadium,Dharamshala,Himachal Pradesh,India"]
[Date "2014.05.17"]
[Round "11"]
[Board "14"]
[White "Vishnu, Prasanna. V"]
[Black "Deshmukh, Anup"]
[Result "1-0"]
[WhiteElo "2467"]
[BlackElo "2237"]
[PlyCount "68"]
[EventDate "2014.05.09"]
[EventRounds "13"]
[EventCountry "IND"]

1. e4 e5 2. Nf3 Nf6 3. Nxe5 d6 4. Nf3 Nxe4 5. d4 Be7 6. Bd3 d5 7. O-O O-O 8. c4
Nc6 9. cxd5 Qxd5 10. Re1 Nf6 11. Nc3 Qd8 12. h3 Be6 13. a3 a5 14. Bc2 Re8 15.
Qd3 g6 16. Ba4 Nd5 17. Bh6 Bf6 18. Rad1 Nxc3 19. bxc3 Qd5 20. Nd2 Bg7 21. Bf4
Rec8 22. Qg3 Ne7 23. Bb3 Qd7 24. Bxe6 fxe6 25. Ne4 b6 26. Ng5 Nf5 27. Qf3 Bf8
28. Nxe6 Bxa3 29. Nxc7 Ra7 30. Nd5 Qc6 31. Be5 Rf7 32. Nf6+ Kf8 33. d5 Qb7 34.
g4 Ng7 1-0

[Event "52nd National Challengers (National â€˜Bâ€™) Chess Cha"]
[Site "Indoor Stadium,Dharamshala,Himachal Pradesh,India"]
[Date "2014.05.17"]
[Round "11"]
[Board "15"]
[White "Harsha, Bharathakoti"]
[Black "Anurag, Mhamal"]
[Result "1/2-1/2"]
[WhiteElo "2279"]
[BlackElo "2420"]
[PlyCount "65"]
[EventDate "2014.05.09"]
[EventRounds "13"]
[EventCountry "IND"]

1. d4 Nf6 2. c4 e6 3. Nf3 b6 4. g3 Bb4+ 5. Bd2 Be7 6. Nc3 O-O 7. Bg2 Ba6 8. b3
d5 9. Ne5 c6 10. cxd5 cxd5 11. O-O Nfd7 12. Nf3 Nc6 13. Bc1 Rc8 14. Bb2 Nf6 15.
Ne5 Bb4 16. Rc1 Nxe5 17. dxe5 d4 18. Nb1 Rxc1 19. Qxc1 Ng4 20. Rd1 Bxe2 21.
Rxd4 Bc5 22. Rxd8 Rxd8 23. h3 Nxf2 24. Qxc5 Nxh3+ 25. Bxh3 bxc5 26. Nc3 Ba6 27.
Ne4 Rd1+ 28. Kf2 c4 29. Bc3 Rc1 30. Bd4 Rc2+ 31. Ke3 Rxa2 32. b4 Bb7 33. Nd2
 1/2-1/2